000
00211nam a2200097Ia 4500
001
668056
005
20250826160342.0
008
250824s9999 xx 000 0 und d
245
0
_a
Gam
_c
Hakan Yel
260
_b
ALTIN
999
_c
668056
_d
668056